| 000 | 01301cam a2200265 a 4500 | ||
|---|---|---|---|
| 001 | 3332379 | ||
| 003 | ARRUPE | ||
| 005 | 20130917120535.0 | ||
| 008 | 850530s1985 enk b 001 0 eng | ||
| 010 | _a 85013656 | ||
| 020 |
_a0416392903 : _c$29.95 (est.) |
||
| 040 |
_aDLC _cDLC _dOCoLC _dDLC |
||
| 050 | 0 | 0 |
_aBJ1431 _b.A86 1985 |
| 082 | 0 | 0 |
_a179/.9 _219 |
| 245 | 0 | 0 |
_aAspects of toleration : _bphilosophical studies / _cedited by John Horton & Susan Mendus. |
| 260 |
_aLondon ; _aNew York : _bMethuen, _c1985. |
||
| 300 |
_a180 p. ; _c23 cm. |
||
| 504 | _aIncludes bibliographies and index. | ||
| 505 | 0 | _aIntroduction / John Horton and Susan Mendus -- Toleration, individual differences, and respect for persons / Albert Weale -- Toleration and the right to freedon / Thomas Baldwin -- Repressive toleration revisited / Alex Callinicos -- Toleration and the English blasphemy law / David Edwards -- Harm, offence, and censorship / Susan Mendus -- Toleration, morality, and harm / John Horton -- Toleration, harm, and moral effect / Peter Jones -- Toleration as a moral ideal / Peter P. Nicholson. | |
| 650 | 0 |
_aToleration. _9231 |
|
| 700 | 1 |
_aHorton, John _q(John P.) _9232 |
|
| 700 | 1 |
_aMendus, Susan. _9233 |
|
| 906 |
_a7 _bcbc _corignew _d1 _eocip _f19 _gy-gencatlg |
||
| 942 |
_2lcc _cMONOGRAPH |
||
| 999 |
_c117803 _d117803 |
||